Music Quiz

Random Music or Artist Quiz

Artist by 'Sexy' Song Quiz Stats

 Plays Quiz Updated Feb 29, 2012

Also try: I'm Too Sexy List
Challenge
Share
Tweet
Embed
Score 0/20 Timer 04:00
1 Play Today
Song title Artist % Correct
SexyBack (2006)Justin Timberlake
88.3%
Sex on Fire (2008)Kings of Leon
70.1%
Sexual Healing (1982) Marvin Gaye
65.1%
Blood Sugar Sex Magik (1991)Red Hot Chili Peppers
57.4%
I'm Too Sexy (1991)Right Said Fred
56.1%
Da Ya Think I'm Sexy (1978)Rod Stewart
48.1%
Get Up
I Feel Like Being a
Sex Machine (1970)
James Brown
36.7%
Sex and Candy (1997)Marcy Playground
36.5%
I Want Your Sex (1987)George Michael
36.5%
Let's Talk About Sex (1991)Salt 'N Pepa
36.4%
Song title Artist % Correct
Sexy Sadie (1968)The Beatles
28%
Sex Bomb (1999)Tom Jones and Mousse T
27.2%
You Sexy Thing (1975)Hot Chocolate
23%
I Wanna Sex You Up (1991)Color Me Badd
22.8%
Sex Type Thing (1992)Stone Temple Pilots
15.3%
Sex (I'm a....) (1982)Berlin
3.6%
Sex Is Not The Enemy (2005)Garbage
2.4%
Sex With My Ex (2007)Ne-Yo
2.4%
No Sex (1999)Limp Bizkit
2.2%
Sexy Ida (1974)Ike and Tina Turner
1.9%

You're not logged in!

Compare scores with friends on all Sporcle quizzes.
Join for Free
OR
Log In

You Might Also Like...

Show Comments

Extras

Top Quizzes Today


Score Distribution

Your Account Isn't Verified!

In order to create a playlist on Sporcle, you need to verify the email address you used during registration. Go to your Sporcle Settings to finish the process.

Report this User

Report this user for behavior that violates our Community Guidelines.

Details: